LEADER 01854nam 2200589Ia 450 001 9910454336103321 005 20200520144314.0 010 $a0-8070-2119-9 010 $a0-8070-9756-X 035 $a(CKB)1000000000755703 035 $a(OCoLC)646802884 035 $a(CaPaEBR)ebrary10281508 035 $a(SSID)ssj0000265592 035 $a(PQKBManifestationID)11226949 035 $a(PQKBTitleCode)TC0000265592 035 $a(PQKBWorkID)10301256 035 $a(PQKB)10961462 035 $a(MiAaPQ)EBC3118047 035 $a(MiAaPQ)EBC6068750 035 $a(Au-PeEL)EBL3118047 035 $a(CaPaEBR)ebr10281508 035 $a(OCoLC)922967989 035 $a(Au-PeEL)EBL6068750 035 $a(EXLCZ)991000000000755703 100 $a20080829d2009 uy 0 101 0 $aeng 135 $aurcn||||||||| 181 $ctxt 182 $cc 183 $acr 200 10$aUntil it hurts$b[electronic resource] $eAmerica's obsession with youth sports and how it harms our kids /$fMark Hyman 210 $aBoston $cBeacon Press$dc2009 215 $a1 online resource (160 p.) 300 $aBibliographic Level Mode of Issuance: Monograph 311 $a0-8070-2118-0 320 $aIncludes bibliographical references. 606 $aSports for children$xSocial aspects$zUnited States 606 $aSports for children$zUnited States$xPsychological aspects 606 $aSports for children$zUnited States 608 $aElectronic books. 615 0$aSports for children$xSocial aspects 615 0$aSports for children$xPsychological aspects. 615 0$aSports for children 676 $a796.083 700 $aHyman$b Mark$01040858 801 0$bMiAaPQ 801 1$bMiAaPQ 801 2$bMiAaPQ 906 $aBOOK 912 $a9910454336103321 996 $aUntil it hurts$92464019 997 $aUNINA LEADER 01828oam 2200445M 450 001 9910715737303321 005 20191123062012.1 035 $a(CKB)5470000002514703 035 $a(OCoLC)1065586253 035 $a(OCoLC)995470000002514703 035 $a(EXLCZ)995470000002514703 100 $a20070221d1852 ua 0 101 0 $aeng 135 $aurcn||||||||| 181 $ctxt$2rdacontent 182 $cc$2rdamedia 183 $acr$2rdacarrier 200 10$aUtah. Message from the President of the United States, transmitting a copy of a letter from the Secretary of the Territory of Utah. January 20, 1852. Laid upon the table, and ordered to be printed 210 1$a[Washington, D.C.] :$c[publisher not identified],$d1852. 215 $a1 online resource (2 pages) 225 1 $aEx. doc. / 32nd Congress, 1st session. House ;$vno. 33 225 1 $a[United States congressional serial set ] ;$v[serial no. 640] 300 $aBatch processed record: Metadata reviewed, not verified. Some fields updated by batch processes. 300 $aFDLP item number not assigned. 606 $aIntergovernmental fiscal relations 606 $aCivil service 608 $aLegislative materials.$2lcgft 615 0$aIntergovernmental fiscal relations. 615 0$aCivil service. 701 $aFillmore$b Millard$f1800-1874.$01391306 712 02$aUnited States.$bPresident (1850-1853 : Fillmore) 712 02$aUtah Territory (1850-1896) 801 0$bWYU 801 1$bWYU 801 2$bOCLCO 801 2$bOCLCQ 906 $aBOOK 912 $a9910715737303321 996 $aUtah. Message from the President of the United States, transmitting a copy of a letter from the Secretary of the Territory of Utah. January 20, 1852. Laid upon the table, and ordered to be printed$93467522 997 $aUNINA